<?xml version="1.0" encoding="UTF-8"?><collection xmlns="info:lc/xmlns/marcxchange-v2"><record format="Unimarc" type="bibliographic"><leader>00556nam  2200181   450 </leader><controlfield tag="001">2232428</controlfield><controlfield tag="003">http://id.bnportugal.gov.pt/bib/porbase/2232428</controlfield><datafield ind1=" " ind2=" " tag="010"><subfield code="a">0-226-81627-3</subfield></datafield><datafield ind1=" " ind2=" " tag="035"><subfield code="a">ISCAC_178.iso/27-11-2009/554</subfield></datafield><datafield ind1=" " ind2=" " tag="100"><subfield code="a">20000216d1993    k  y0pory0103    ba</subfield></datafield><datafield ind1="0" ind2=" " tag="101"><subfield code="a">eng</subfield></datafield><datafield ind1=" " ind2=" " tag="102"><subfield code="a">GB</subfield></datafield><datafield ind1="1" ind2=" " tag="200"><subfield code="a">&lt;A &gt;manual for writers of term papers, theses, and dissertations</subfield><subfield code="f">Kate L. Turabian</subfield></datafield><datafield ind1=" " ind2=" " tag="205"><subfield code="a">6th ed</subfield></datafield><datafield ind1=" " ind2=" " tag="210"><subfield code="a">London</subfield><subfield code="c">University of Chicago Press</subfield><subfield code="d">cop. 1993</subfield></datafield><datafield ind1=" " ind2=" " tag="215"><subfield code="a">308 p.</subfield><subfield code="d">22 cm</subfield></datafield><datafield ind1=" " ind2=" " tag="675"><subfield code="a">167</subfield><subfield code="v">BN</subfield><subfield code="z">por</subfield></datafield><datafield ind1=" " ind2="1" tag="700"><subfield code="a">Turabian</subfield><subfield code="b">Kate L.</subfield></datafield><datafield ind1=" " ind2="0" tag="801"><subfield code="a">PT</subfield><subfield code="b">ISCAC</subfield><subfield code="g">RPC</subfield></datafield></record></collection>